000 00415nam a2200181Ia 4500
001 11328
005 20260306162820.0
008 260306t1983||||xx |||||||||||||| ||spa||
041 _aESP
082 _a985.03
_bS793
100 _aSzeminski, Jan
_eAUT
245 0 _aLa utopía tupamarista
260 _c1983
300 _a297 páginas :
_c21cm.
650 _aGEN
654 _aCHU
942 _cLIB
_dJUS
_fJUS
_2ddc
_n
999 _c11328
_d11328